Sports Quiz

Random Sports or MLB Quiz

MLB - sub 1.000 WHIP by team Quiz Stats

 Plays Quiz not verified by Sporcle

Score 0/73 Timer 08:00
0 Plays Today
% Correct
Chris Sale
100%
Corey Kluber
100%
Justin Verlander
100%
Aaron Nola
100%
Pedro Martinez
97%
Pedro Martinez
97%
Greg Maddux
95.4%
Max Scherzer
93.5%
Randy Johnson
92.3%
Roy Halladay
91.5%
Johan Santana
90.8%
Curt Schilling
90.1%
Curt Schilling
90.1%
Pedro Martinez
89.3%
Zack Greinke
87.1%
Jake Arrieta
87.1%
Max Scherzer
87%
Jacob deGrom
83.9%
Kyle Hendricks
83.3%
Nolan Ryan
83.1%
Matt Harvey
82.2%
Bob Gibson
81%
Chris Sale
76.7%
Ubaldo Jimenez
76.1%
Bret Saberhagen
74.1%
Kevin Brown
73.9%
Ron Guidry
72.4%
Johnny Cueto
72.1%
Ben Sheets
71.7%
Justin Verlander
71.5%
Jason Schmidt
71.3%
Ian Snell
70.8%
Jose Fernandez
70%
Clayton Kershaw
68.3%
Vida Blue
66.2%
Juan Marichal
65.1%
Jim 'Catfish' Hunter
65%
% Correct
Derek Lowe
63.9%
Cole Hamels
62.5%
Mike Scott
61.6%
Denny McLain
61.3%
Felix Hernandez
57.2%
Gaylord Perry
56.9%
Tom Seaver
55.1%
Kevin Millwood
49.8%
J.R. Richard
49.3%
Randy Jones
47.5%
John Tudor
43.3%
Dave McNally
42.3%
Luis Tiant
41.9%
Teddy Higuera
40%
Frank Tanana
35.7%
Dennis Eckersley
29.4%
Vern Law
23.9%
Spud Chandler
22%
Odalis Perez
20.8%
Dean Chance
20.6%
Pascual Perez
20.6%
Gary Peters
18.7%
Joe Horlen
17.3%
Fritz Peterson
16.9%
Babe Adams
15.1%
Bill Hands
15%
Roger Nelson
14.4%
Bobby Bolin
12.7%
Dick Hughes
12.5%
Noodles Hahn
12.3%
Harry Krause & Cy Morgan
12.1%
Jim Merritt
11.8%
Jack Powell
11.4%
Pat Jarvis
11.4%
Howie Camnitz
10.4%
Barney Pelty
10.2%

You're not logged in!

Compare scores with friends on all Sporcle quizzes.
OR
Log In

Show Comments

Extras

Top Quizzes Today


Score Distribution

Your Account Isn't Verified!

In order to create a playlist on Sporcle, you need to verify the email address you used during registration. Go to your Sporcle Settings to finish the process.

Report this User

Report this user for behavior that violates our Community Guidelines.

Details: